00347nam a22001217a 4500008004100000020001800041082001300059245007600072260004000148300001000188942001200198999001500210230718b xxu||||| |||| 00| 0 eng d a9789966825438 a261bMUL aPolygamybIs The Bible Way Thus God's WaycReverend Vincent Mboya Mulwa aKenyabMedgraphic Enterprisesc2018 a116 p 2ddccBK c3989d3989